| 000 | 00984nam a22002537a 4500 | ||
|---|---|---|---|
| 003 | dpl | ||
| 005 | 20180723181610.0 | ||
| 008 | 180530b xxu||||| |||| 00| 0 eng d | ||
| 010 | _aB-092721 | ||
| 020 |
_c00.00 _a8176294349 |
||
| 035 | _aB-092721, B-092724, B-092722 | ||
| 037 | _bCen Lib/Ret | ||
| 040 |
_aDPL _bEN _c0 |
||
| 082 |
_a351.8 _bRAV |
||
| 100 |
_aRavi Shankar Kumar Singh _914837 |
||
| 245 |
_aRole of NGO's in developing countries : _cby Ravi Shankar Kumar Singh _bpotentials, constraints and policies / |
||
| 260 |
_aNew Delhi _bDeep & Deep Publications Pvt. Ltd. _c2003 |
||
| 270 |
_aF-159. Rajouri Garden _bNew Delhi _e110027 |
||
| 300 |
_axv,279p. : _c23cm(Hb) _bill. |
||
| 500 | _aIncludes bibliographical references and index. | ||
| 650 |
_aNon-governmental organizations -- Developing countries. _914838 |
||
| 650 |
_aNepal -- Economic conditions -- Effect of non-governmental organizations on _914839 |
||
| 942 |
_2ddc _cEN _h351.8 _mRAV |
||
| 999 |
_c125582 _d125582 |
||